| 000 | 01086nam a2200241Ia 4500 | ||
|---|---|---|---|
| 003 | Ost | ||
| 005 | 20260507075153.0 | ||
| 008 | 260507s9999||||xx |||||||||||||| ||und|| | ||
| 020 | _a92942299579 | ||
| 040 | _cfsecg | ||
| 041 | _aara | ||
| 082 | _a330 | ||
| 100 |
_aبطارسة، صالح رشيد _eمؤلف |
||
| 245 | 0 |
_aالاحصاء و الاحتمالات / _c صالح رشيد بطارسة |
|
| 260 |
_aعمان: _bدار اسامة, _c2009 |
||
| 300 |
_a544 صفحة؛ _bإيضاحات ؛ _c24 سم |
||
| 504 | _aمراجع ص.543 | ||
| 520 | _aمبدأ العد ، المضروبات ، التبادل و التوافق ، الاحتمال و اقترانه ، قوانين الاحتمالات ، نظرية بيز ، المتغيرات العشوائية و التوزيعات الاحتمالية ، التوقع الرياضي أو الوسط الحسابي ، مع وجود أسئلة و تمارين في نهاية كل فصل | ||
| 653 | _aالاحتمالات | ||
| 653 | _aالاحصاء | ||
| 653 | _aالاحصاء الرياضي | ||
| 942 | _cكتاب | ||
| 999 |
_c43351 _d43351 |
||